000 00478nam a22001697a 4500
003 BUBTL
008 150423b xxu||||| |||| 00| 0 eng d
020 _a0-07-032639-8
082 _221 st
_a332.15/JOF
100 _9201
_aJohnson, Hazel J.
245 _aFinancial institutions and markets
_bHazel J. Johnson
260 _aNew York
_bMcGraw Hill
_cc1993
300 _a560p . :
_bill . ; 22cm.
856 _k0
_l0
_yDownload
942 _2ddc
_cBK
999 _c147
_d147